LIBRARY & INFORMATION CENTRE, KCAET, TAVANUR

ONLINE PUBLIC ACCESS CATALOGUE (OPAC)

Standard refrigeration and air conditioning : Questions and answers / (Record no. 7437)

MARC details
000 -LEADER
fixed length control field 00570cam a2200193ua 4500
020 ## - INTERNATIONAL STANDARD BOOK NUMBER
ISBN 0-07-099283-5
041 ## - LANGUAGE CODE
Language code of text/sound track or separate title eng
082 ## - DEWEY DECIMAL CLASSIFICATION NUMBER
Classification number 697.93
Item number ELO/ST
100 ## - MAIN ENTRY--AUTHOR NAME
Personal name Elonka, Stephen Michael .
245 ## - TITLE STATEMENT
Title Standard refrigeration and air conditioning : Questions and answers /
250 ## - EDITION STATEMENT
Edition statement 3 /
260 ## - PUBLICATION, DISTRIBUTION, ETC. (IMPRINT)
Place of publication New Delhi :
Name of publisher Tata Mc-Graw Hill Publishing Company ,
Year of publication 1996.
300 ## - PHYSICAL DESCRIPTION
Number of Pages 427 ; .
700 1# - ADDED ENTRY--PERSONAL NAME
Personal name Quaid, Walton .
942 ## - ADDED ENTRY ELEMENTS (KOHA)
Koha item type Books
Holdings
Withdrawn status Lost status Damaged status Home library Current library Date acquired Full call number Accession Number Koha item type
      KAUAET KAUAET 07/04/2012 697.93 20314 Books
free website counter